000 01491nam2a22002771 4500
001 RU\NLR\INFOCOMM16\1000083835
005 20250617072730.0
035 _a(NLR Aleph) 002551875
090 _a3027580
_c3027580
100 _a20040503d1911 |||y0rusy50 ca
101 0 _arus
102 _aRU
105 _ay |||||||||
200 1 _aЭтика, доказанная в геометрическом порядке и разделенная на пять частей, в которых трактуется. I. О боге.- II. О природе и происхождении души. - III. О происхождении и природе аффектов. - IV. О человеческом рабстве или о силах аффектов. - V. О могуществе разума или о человеческой свободе
_fБ. Спиноза
205 _aИзд. 2-е
210 _d1911
_aБ. м.
461 0 _1001RU\NLR\INFOCOMM16\1000083824
_12001#$aТруды Московского психологического общества$vВып.5
_93027486
_aМосковское психологическое общество
_cМ.
_d1888-1914
_tТруды Московского психологического общества
_vВып.5
700 1 _aСпиноза
_bБ.
_4070
801 1 _aRU
_bInfoComm
_c20040503
801 0 _aRU
_bNLR
_gPSBO
852 _aNLR
_j37.34.7.14
852 _aNLR
_j114/783
942 _cISSUE
980 _aNB
980 _aRUSPER